Process Selection : (Record no. 606808)

000 -LEADER
fixed length control field 00317nam a22001337a 4500
040 ## - CATALOGING SOURCE
Transcribing agency NUST
082 ## - DEWEY DECIMAL CLASSIFICATION NUMBER
Classification number 670.42
Author Mark SWI
245 ## - TITLE STATEMENT
Title Process Selection :
Remainder of title From design to manufacture /
Statement of responsibility, etc. K. G. Swift
250 ## - EDITION STATEMENT
Edition statement Second edition
260 ## - PUBLICATION, DISTRIBUTION, ETC.
Place of publication, distribution, etc. UK
Name of publisher, distributor, etc. Elsevier
Date of publication, distribution, etc. 2003.
300 ## - PHYSICAL DESCRIPTION
Extent 316p.
521 ## - TARGET AUDIENCE NOTE
Source HB
942 ## - ADDED ENTRY ELEMENTS (KOHA)
Source of classification or shelving scheme
Koha item type Book
Holdings
Withdrawn status Lost status Source of classification or shelving scheme Damaged status Not for loan Permanent Location Current Location Shelving location Date acquired Total Checkouts Full call number Barcode Date last seen Price effective from Koha item type
          School of Mechanical & Manufacturing Engineering (SMME) School of Mechanical & Manufacturing Engineering (SMME) Aerospace Engineering 11/22/2023   670.42 SWI SMME-4423 11/22/2023 11/22/2023 Book
          School of Mechanical & Manufacturing Engineering (SMME) School of Mechanical & Manufacturing Engineering (SMME) Aerospace Engineering 11/22/2023   670.42 SWI SMME-4424 11/22/2023 11/22/2023 Book
          School of Mechanical & Manufacturing Engineering (SMME) School of Mechanical & Manufacturing Engineering (SMME) Aerospace Engineering 11/22/2023   670.42 SWI SMME-4425 11/22/2023 11/22/2023 Book
© 2023 Central Library, National University of Sciences and Technology. All Rights Reserved.